000 00796nam a22002777a 4500
003 CHAP
005 20220329134603.0
008 971013s1959 r 00010 d
010 _a22596
011 _a23568
035 _a27664
040 _cCHAP
090 _aFolleto 7247 (1959)
111 0 0 _aAustralian Cheese Conference.
_d3, Brisbane, 1959.
_98393
245 _aProceedings
260 _a(Melbourne) :
_bAustralian Society of Dairy Technology,
_c(1959)
300 _a52 p
490 _aTechnical publication
_v; 9
590 _aBATCH-UPD
_b10
_c20130110
_lUCH01
_h1111
590 _aCONVERSION
_b10
_c20130109
_lUCH01
_h1313
650 1 4 _aQueso.
_993221
830 0 _aTechnical publication
_v; 9
_9111905
901 _aBK
942 _cFOLL
949 _bBC
_cFOLL
_d-64098
_eTS1
_i27664
_si
999 _c22596
_d22596